00313nam a2200109Ia 450000500170000000800410001710000170005824500840007526000190015930000110017865000140018920260328101511.0260328s9999||||xx |||||||||||||| ||und|| aTyrwhitt, J. 4aThe Heart of the City :b Towards the Humanisation of Urban Life /cJ. Tyrwhitt bLund Humphries a184 p. aURBANISMO